000 00461nam a2200205Ia 4500
999 _c7777
_d7777
003 0100
005 20170612100006.0
008 130303s9999 xx 000 0 und d
020 _a1850653453
040 _cARRUPELIB
050 _aDT515.8.O751998
100 _aOsaghae, Eghosa E.
_932492
245 _aCrippled giant
245 _bNigeria since independence
260 _bHurst and Company
_aLondon
_c1998
300 _a342p.
300 _b 23cm.
650 _aNigeria
_xPolitics
_y1960
_932493
942 0 0 _01
_2lcc
_cMONOGRAPH